=LDR 00000nam 2200000 4500 =001 INLIS000000000016498 =005 20230330095831 =035 ##$$a 0010-061300000016498 =008 230330################g##########0#ind## =041 ##$$a Ind =082 ##$$a 028.5 =090 ##$$a 028.5, War a =100 ##$$a Wardhana, Eka =245 1#$$a Aku rajin menabung, Eka Wardhana =260 ##$$a 2003 :$b Bandung =300 ##$$a 23 hlm : $b Ilus ; $c 17 cm =650 #4$$a Bacaan anak-anak =850 ##$$a NBPNMAT =084 ##$$a 028.5 WAR a =990 ##$$a 3115731157 =990 ##$$a 1038924